Missing Word: Music & Movies (B) III Quiz Stats

 Plays Quiz Updated Mar 19, 2020

Support Sporcle.
Go Orange.
Score 0/26 Timer 02:00
0 Plays Today
Hint 'B' Word % Correct
Music (Artist)Breath
96.8%
Music (Artist)Billie
95%
Movies (Year)Bourne
87.2%
Music (Artist)Bloody
85.3%
Music (Artist)Broken
83.4%
Movies (Year)Buyers
81.5%
Music (Artist)Bennie
81.3%
Music (Artist)Blowin'
77.3%
Movies (Year)Bandit
76.1%
Movies (Year)Beauty
68.4%
Movies (Year)Bosses
67.8%
Movies (Year)Batman
67.2%
Music (Artist)Barbie
65.8%
Hint 'B' Word % Correct
Movies (Year)Boogie
65.8%
Music (Artist)Basket
61.9%
Music (Artist)Bridge
59.7%
Movies (Year)Beyond
57.3%
Movies (Year)Bounty
57.1%
Music (Artist)Behind
54.5%
Music (Artist)Become
54.5%
Movies (Year)Before
51.1%
Movies (Year)Bucket
48.7%
Movies (Year)Brazil
39.1%
Music (Artist)Better
37.2%
Music (Artist)Bubble
29.9%
Movies (Year)Battle
15.6%

Today's Daily Dose

Missing Word
Inventors

Word Ladder
Feud Chain

Get the Picture
Domestic Movie Titles

From the Vault

Complete the Video Game... With a Picture

by Noldeh

Gaming 5m
We know video games are about graphics, but this is ridiculous.
Remove Ads.
Support Sporcle.
Get the best of Sporcle when you Go Orange. This ad-free experience offers more features, more stats, and more fun while also helping to support Sporcle. Thank you for becoming a member.

Show Comments

Extras

Top Quizzes Today


Score Distribution

Your Account Isn't Verified!

In order to create a playlist on Sporcle, you need to verify the email address you used during registration. Go to your Sporcle Settings to finish the process.

Report this User

Report this user for behavior that violates our Community Guidelines.

Details: